000 00898cam a22002774a 4500
999 _c4658
_d4658
001 14795769
003 OSt
005 20181211162406.0
008 070404s2007 inu b 001 0 eng
010 _a 2007926197
020 _a9781592763207 (pbk.)
040 _aDLC
_cDLC
050 0 0 _aBV823
_b.A65 2007
082 0 4 _a264
_221
_bA656M
100 1 _aAquilina, Mike.
245 1 4 _aThe Mass of the early Christians /
_cMike Aquilina.
250 _a2nd ed.
260 _aHuntington, Ind. :
_bOur Sunday Visitor,
_cc2007.
300 _a255 p. ;
_c21 cm.
504 _aIncludes bibliographical references (p. 245-250) and index.
650 0 _aLord's Supper
_xHistory
_yEarly church, ca. 30-600.
650 0 _aMass
_xHistory.
906 _a7
_bcbc
_corigcop
_d2
_eepcn
_f20
_gy-gencatlg
942 _2ddc
_cBK